000 00795nam a2200241Ia 4500
003 OSt
005 20220923215505.0
006 a|||||r|||| 00| 0
007 ta
008 220922b |||||||| |||| 00| 0 hin d
024 _a179,269
037 _cTextual
040 _aARTS
_cARTS
_bhin
041 _2hin
_ahin
082 _aO152,1M96:g, N1
100 _aगुप्त, राजकुमार
245 0 _aनिराला साहित्य
_b एक नया आयाम
246 _aNirālā sāhitya: ek nayā āyāma
260 _aनई दिल्ली
_b भूमिका प्रकाशन
_c1991
300 _a98 पृ.
_ccm.
942 _hO152,1M96:g, N1
_cTEXL
_2CC
999 _c332650
_d332650